[Event "Weekend Accademia"]
[Site "Roma ITA"]
[Date "1996.??.??"]
[Round "3"]
[White "Papetti, Francesco"]
[Black "Morales, Alessandro"]
[Result "1-0"]
[WhiteElo "1705"]
[BlackElo "1540"]
[PlyCount "73"]
[EventDate "1996.??.??"]

1. d4 Nf6 2. c4 e6 3. Nf3 Bb4+ 4. Nbd2 c5 5. a3 Qa5 6. e3 Ne4 7. Bd3 Nxd2 8.
Nxd2 cxd4 9. O-O Bxd2 10. Bxd2 Qb6 11. b3 dxe3 12. Bxe3 Qd8 13. Qg4 g6 14. Bd4
f5 15. Qg3 O-O 16. Qe5 Qe7 17. Qh8+ Kf7 18. Qxh7+ Ke8 19. Qxg6+ Qf7 20. Qg3 Nc6
21. Bc3 b6 22. Be2 Bb7 23. Bf3 Rg8 24. Bh5 Rxg3 25. Bxf7+ Kxf7 26. hxg3 Ne7 27.
Rfd1 d5 28. cxd5 Bxd5 29. Rac1 Rc8 30. Be5 Rd8 31. Rc7 Ra8 32. Bd6 Re8 33. Rxa7
Kf6 34. f4 Nc8 35. Be5+ Kg6 36. Rg7+ Kh6 37. Kf2 1-0

[Event "Weekend Accademia"]
[Site "Roma ITA"]
[Date "1996.??.??"]
[Round "3"]
[White "Perotti, Germano"]
[Black "Tosoni, Augusto"]
[Result "0-1"]
[WhiteElo "1717"]
[BlackElo "2008"]
[PlyCount "94"]
[EventDate "1996.??.??"]

1. d4 Nf6 2. c4 g6 3. Nc3 Bg7 4. e4 d6 5. Nf3 O-O 6. Be2 e5 7. dxe5 dxe5 8.
Qxd8 Rxd8 9. Bg5 Re8 10. O-O-O Na6 11. Ne1 Nc5 12. f3 Ne6 13. Be3 c6 14. Nc2 b6
15. b4 Bb7 16. Rd2 h6 17. Rhd1 g5 18. h3 Kf8 19. Bf2 Ke7 20. Ne3 Nd4 21. Nc2
Nxc2 22. Kxc2 Red8 23. b5 Rxd2+ 24. Rxd2 Rd8 25. Rxd8 Kxd8 26. bxc6 Bxc6 27.
Nd5 Nd7 28. g4 Bf8 29. h4 Be7 30. hxg5 Bxg5 31. Be3 Bxd5 32. Bxg5+ hxg5 33.
cxd5 Nc5 34. Kc3 Kc7 35. Kb4 a6 36. Bf1 a5+ 37. Kb5 Kb7 38. Bc4 Na6 39. d6 Nb4
40. Bd5+ Kc8 41. Kxb6 Nxd5+ 42. exd5 Kd7 43. Kc5 a4 44. Kb4 Kxd6 45. Kxa4 f5
46. Kb4 e4 47. fxe4 fxg4 0-1

[Event "Weekend Accademia"]
[Site "Roma ITA"]
[Date "1996.??.??"]
[Round "3"]
[White "Petruccioli, Antonio"]
[Black "Togni, Giampiero"]
[Result "1-0"]
[WhiteElo "2007"]
[BlackElo "1710"]
[PlyCount "97"]
[EventDate "1996.??.??"]

1. e4 d6 2. h4 g6 3. d4 h5 4. Nc3 Bg7 5. Bc4 Bg4 6. f3 Bd7 7. Nge2 Nc6 8. Be3
Bh6 9. Qd2 e6 10. O-O-O Qe7 11. Bg5 O-O-O 12. Kb1 f6 13. Bxh6 Nxh6 14. Nf4 Rdg8
15. d5 Nd8 16. dxe6 Nxe6 17. Ncd5 Qd8 18. Nxe6 Bxe6 19. Nb6+ axb6 20. Bxe6+ Kb8
21. Bxg8 Qxg8 22. a4 Qe6 23. a5 bxa5 24. Qxa5 Nf7 25. Rd3 b6 26. Qb4 Kb7 27.
Ra3 Ra8 28. Rxa8 Kxa8 29. f4 Kb7 30. Rh3 Qg4 31. Qa4 Nd8 32. Ra3 Kc8 33. g3 Qe6
34. e5 fxe5 35. Qb5 Kb8 36. Re3 Nf7 37. Qc6 Nd8 38. Qf3 Nf7 39. Qc6 Nd8 40. Qe4
Nf7 41. Ra3 d5 42. Qa4 Kc8 43. Qa8+ Kd7 44. Rd3 Kd6 45. c4 c6 46. cxd5 cxd5 47.
Qb7 e4 48. Rc3 Nd8 49. Qc7# 1-0

[Event "Weekend Accademia"]
[Site "Roma ITA"]
[Date "1996.??.??"]
[Round "3"]
[White "Pezzaldi, Roberto"]
[Black "Marzano, Carlo"]
[Result "1/2-1/2"]
[WhiteElo "2013"]
[BlackElo "2160"]
[PlyCount "97"]
[EventDate "1996.??.??"]

1. c4 c6 2. Nf3 d5 3. b3 Bg4 4. Bb2 Nd7 5. h3 Bh5 6. g4 Bg6 7. cxd5 cxd5 8. Bg2
e6 9. Nc3 Rc8 10. Rc1 Ne7 11. Nb5 Nc6 12. Nfd4 a6 13. Nxc6 Rxc6 14. Nd4 Rxc1
15. Qxc1 Bd6 16. d3 Qa5+ 17. Kd1 O-O 18. a3 Qb6 19. Qc3 Qc5 20. b4 Qxc3 21.
Bxc3 Rc8 22. Kd2 h5 23. gxh5 Bxh5 24. Rc1 Bg6 25. Nb3 Rc7 26. Bd4 Rxc1 27. Kxc1
Kf8 28. Kd2 b6 29. Bb2 Nb8 30. Bd4 Nd7 31. Bc3 Nb8 32. Bd4 Bc7 33. e4 e5 34.
Bb2 d4 35. f4 f6 36. fxe5 fxe5 37. Bf3 Bf7 38. Kc2 Be6 39. Bg4 Bxg4 40. hxg4
Kf7 41. Nd2 Kg6 42. Nf3 Nd7 43. Bc1 Nf6 44. Nh4+ Kf7 45. g5 Ng8 46. Kd1 Ne7 47.
Ke2 Nc8 48. Kf3 Ne7 49. Kg4 1/2-1/2

[Event "Weekend Accademia"]
[Site "Roma ITA"]
[Date "1996.??.??"]
[Round "3"]
[White "Primiceri, Nunzio"]
[Black "Donia, Massimiliano"]
[Result "1/2-1/2"]
[WhiteElo "2150"]
[BlackElo "1956"]
[PlyCount "33"]
[EventDate "1996.??.??"]

1. d4 Nf6 2. c4 g6 3. Nf3 Bg7 4. g3 O-O 5. Bg2 d6 6. O-O c6 7. Nc3 Nbd7 8. h3
e5 9. e4 Re8 10. Re1 Qc7 11. Be3 Qa5 12. Rb1 a6 13. b4 Qc7 14. Rc1 exd4 15.
Bxd4 c5 16. bxc5 dxc5 17. Nd5 1/2-1/2

[Event "Weekend Accademia"]
[Site "Roma ITA"]
[Date "1996.??.??"]
[Round "3"]
[White "Raccah, Ascer"]
[Black "Moroni, Marco"]
[Result "0-1"]
[WhiteElo "1528"]
[BlackElo "1842"]
[PlyCount "70"]
[EventDate "1996.??.??"]

1. e4 e5 2. Nf3 Nf6 3. Nxe5 d6 4. Nf3 Nxe4 5. d4 d5 6. Bd3 Nc6 7. O-O Bg4 8. h3
Bxf3 9. gxf3 Nf6 10. Bf5 g6 11. Re1+ Be7 12. Bg5 Qd6 13. Bd3 O-O-O 14. c3 Nh5
15. Bxe7 Nxe7 16. Na3 Nf4 17. Bf1 Qd7 18. Qd2 g5 19. Qe3 Nf5 20. Qe5 f6 21.
Qxf6 Rhf8 22. Qxd8+ Rxd8 23. Kh2 Nh4 24. Re3 a6 25. Rae1 Qd6 26. Kh1 h5 27. Nc2
g4 28. fxg4 hxg4 29. hxg4 Qh6 30. Kg1 Nf3+ 31. Rxf3 Rh8 32. Bh3 Nxh3+ 33. Kf1
Nf4 34. Rxf4 Qxf4 35. Ne3 Qf3 0-1

[Event "Weekend Accademia"]
[Site "Roma ITA"]
[Date "1996.??.??"]
[Round "3"]
[White "Russo, Massimiliano"]
[Black "Gaudino, Gaetano"]
[Result "0-1"]
[WhiteElo "1576"]
[BlackElo "1585"]
[PlyCount "108"]
[EventDate "1996.??.??"]

1. e4 e5 2. Nf3 Nc6 3. d4 exd4 4. Nxd4 Nxd4 5. Qxd4 d6 6. Nc3 c5 7. Qa4+ Bd7 8.
Bb5 Nf6 9. O-O a6 10. Bxd7+ Qxd7 11. Qc4 b5 12. Qd3 Be7 13. Be3 O-O 14. Nd5
Nxd5 15. Qxd5 Qe6 16. Rad1 Rac8 17. Rfe1 Rfd8 18. b3 c4 19. b4 c3 20. Bb6 Qxd5
21. Rxd5 Re8 22. Red1 Rc4 23. R1d4 Rc6 24. Ba5 Rec8 25. Rd3 f6 26. f3 Kf7 27.
Kf2 g6 28. Ke2 Ke6 29. f4 Rg8 30. Kf3 g5 31. f5+ Kf7 32. g4 Rh8 33. Kg2 h5 34.
h3 hxg4 35. hxg4 Rh4 36. Rg3 Rc4 37. Rdd3 Rxe4 38. Rxc3 Rhxg4 39. Rc6 Rxg3+ 40.
Kxg3 Re5 41. Bc7 Rxf5 42. Bxd6 Bxd6+ 43. Rxd6 Rf4 44. a3 Rc4 45. Rxa6 Rxc2 46.
Ra5 Kg6 47. Rxb5 Rc3+ 48. Kf2 Rxa3 49. Rb8 Kf5 50. b5 Rb3 51. b6 Kf4 52. b7 f5
53. Ke2 g4 54. Kd2 g3 0-1

[Event "Weekend Accademia"]
[Site "Roma ITA"]
[Date "1996.??.??"]
[Round "3"]
[White "Sciannamea, Valerio"]
[Black "Scacco, Mauro"]
[Result "0-1"]
[WhiteElo "1719"]
[BlackElo "2055"]
[PlyCount "102"]
[EventDate "1996.??.??"]

1. e4 e5 2. Nf3 Nc6 3. Nc3 Nf6 4. d4 exd4 5. Nxd4 d6 6. Bb5 Bd7 7. O-O Be7 8.
Re1 O-O 9. Nxc6 bxc6 10. Bf1 Be6 11. Qe2 Re8 12. Qa6 Qd7 13. Be3 Ng4 14. Bf4
Bf6 15. Qa5 Rab8 16. b3 Bd4 17. Bg3 f5 18. Rad1 Bb6 19. Qa4 f4 20. Bxf4 Nxf2
21. Rd4 Qf7 22. Bg3 Rf8 23. Ba6 Qf6 24. e5 dxe5 25. Bxe5 Nh3+ 26. Kh1 Qf2 27.
Bg3 Qxd4 28. Qxd4 Bxd4 29. Rxe6 Nf2+ 30. Bxf2 Rxf2 31. Bc4 Kf8 32. Ne4 Rxc2 33.
h4 h6 34. a4 Re8 35. Rxe8+ Kxe8 36. Kh2 Ke7 37. Kg3 Be5+ 38. Kf3 Bf6 39. h5 Be5
40. Bd3 Rc1 41. Bc4 Bd6 42. Ba6 Rb1 43. Bc4 Rh1 44. g4 Rh3+ 45. Kg2 Re3 46. Nd2
Rg3+ 47. Kf2 Rxg4 48. Nf3 Kf6 49. Bd3 g5 50. hxg6 Rxg6 51. Nd4 Bc5 0-1

[Event "Weekend Accademia"]
[Site "Roma ITA"]
[Date "1996.??.??"]
[Round "3"]
[White "Scipioni, Gaetano"]
[Black "Berrino, Umberto"]
[Result "0-1"]
[WhiteElo "1525"]
[BlackElo "1672"]
[PlyCount "81"]
[EventDate "1996.??.??"]

1. e4 Nf6 2. e5 Nd5 3. d4 d6 4. exd6 cxd6 5. h3 Nc6 6. Nf3 Bf5 7. c3 e6 8. Bd3
Bxd3 9. Qxd3 Be7 10. O-O O-O 11. Na3 a6 12. Nc2 Rc8 13. Ne3 Nf4 14. Qe4 Ne2+
15. Kh1 Nxc1 16. Raxc1 d5 17. Qd3 b5 18. a3 Na5 19. Nh2 Nc4 20. Rb1 Qc7 21.
Rfc1 Qf4 22. Nf3 Bd6 23. Re1 Qf6 24. Ng4 Qd8 25. Nge5 Nxe5 26. Nxe5 Bxe5 27.
Rxe5 Qf6 28. Qg3 Rc4 29. Rbe1 Rfc8 30. R1e3 g6 31. Rf3 Qe7 32. Qf4 a5 33. h4 b4
34. axb4 axb4 35. h5 bxc3 36. bxc3 Rxc3 37. Rxc3 Rxc3 38. hxg6 hxg6 39. Re1 Rc4
40. Qh6 Rxd4 41. Rb1 0-1

[Event "Weekend Accademia"]
[Site "Roma ITA"]
[Date "1996.??.??"]
[Round "3"]
[White "Sebasti, Alessandro"]
[Black "Cialdea, Alberto"]
[Result "0-1"]
[WhiteElo "1564"]
[BlackElo "1900"]
[PlyCount "106"]
[EventDate "1996.??.??"]

1. c4 Nf6 2. Nc3 b6 3. d3 Bb7 4. e4 d6 5. Bg5 Nbd7 6. Nge2 g6 7. g3 Bg7 8. Bg2
O-O 9. Qd2 Ne5 10. Bh6 Nxd3+ 11. Kf1 Bxh6 12. Qxh6 Nxf2 13. h3 Nxh1 14. Bxh1 e5
15. Bf3 Kh8 16. g4 Ng8 17. Qe3 Qh4 18. Kg2 a6 19. Rf1 Ne7 20. Ng3 Nc6 21. Nce2
Qd8 22. h4 b5 23. b3 Bc8 24. h5 g5 25. Kh3 Be6 26. Bg2 bxc4 27. bxc4 Bxc4 28.
Rf5 h6 29. Qf2 f6 30. Rf3 d5 31. Rc3 Nb4 32. a3 Bxe2 33. Qxe2 d4 34. Rc4 d3 35.
Qd2 Nc2 36. a4 a5 37. Nf5 Kh7 38. Bf1 Rf7 39. Ng3 Rd7 40. Nf5 Rb8 41. Rc3 Nb4
42. Rc5 c6 43. Ne3 Qb6 44. Rc3 Rbd8 45. Nc4 Qa7 46. Ne3 Nc2 47. Nxc2 dxc2 48.
Qxc2 Rd2 49. Qb3 R8d7 50. Rf3 Qg1 51. Qg8+ Kxg8 52. Bc4+ Kg7 53. Rf2 Qxf2 0-1

[Event "Weekend Accademia"]
[Site "Roma ITA"]
[Date "1996.??.??"]
[Round "3"]
[White "Simeone, Giulio"]
[Black "Ciotoli, Patrizio"]
[Result "0-1"]
[WhiteElo "1654"]
[BlackElo "2010"]
[PlyCount "58"]
[EventDate "1996.??.??"]

1. c4 e5 2. Nc3 Nc6 3. Nf3 f5 4. e3 Nf6 5. d4 e4 6. d5 exf3 7. dxc6 fxg2 8.
cxd7+ Qxd7 9. Qxd7+ Bxd7 10. Bxg2 O-O-O 11. Bd2 Ng4 12. Rd1 Bd6 13. h3 Ne5 14.
b3 g5 15. Nb5 Bxb5 16. cxb5 f4 17. O-O f3 18. Bh1 h5 19. Bc3 g4 20. Rd5 Rde8
21. Rc1 Rh6 22. Bxe5 Rxe5 23. Rd4 Rg6 24. hxg4 hxg4 25. Rcc4 Reg5 26. a4 Be5
27. Re4 Rd6 28. Rxe5 Rxe5 29. Rxg4 Rd1+ 0-1

[Event "Weekend Accademia"]
[Site "Roma ITA"]
[Date "1996.??.??"]
[Round "3"]
[White "Tommasini, Enzo"]
[Black "Franchi, Jose' Maria"]
[Result "0-1"]
[WhiteElo "2075"]
[BlackElo "1876"]
[PlyCount "85"]
[EventDate "1996.??.??"]

1. d4 Nf6 2. c4 g6 3. Nc3 Bg7 4. e4 d6 5. f3 O-O 6. Bg5 Nc6 7. d5 Ne5 8. Qd2 c6
9. f4 Ned7 10. Nh3 cxd5 11. cxd5 a6 12. Nf2 b5 13. Be2 b4 14. Ncd1 a5 15. O-O
Nc5 16. Bf3 Qb6 17. Kh1 Re8 18. Re1 Bb7 19. Ne3 h6 20. Bh4 Nfd7 21. Rac1 Ba6
22. Nc4 Bxc4 23. Rxc4 Rab8 24. Rec1 a4 25. Nd1 Qa6 26. Be2 Qb7 27. Bf2 Rec8 28.
Bg4 Nxe4 29. Rxe4 Rxc1 30. Qxc1 Nf6 31. Bf3 Nxe4 32. Bxe4 Rc8 33. Qd2 Qb5 34.
Ne3 a3 35. b3 Bb2 36. Nc4 Bc3 37. Qd3 Qe8 38. g3 Qf8 39. Kg2 h5 40. Bd4 Bxd4
41. Qxd4 Qg7 42. Qxg7+ Kxg7 43. Kf2 {...} 0-1

[Event "Weekend Accademia"]
[Site "Roma ITA"]
[Date "1996.??.??"]
[Round "3"]
[White "Verrascina, Nicola"]
[Black "Crucioli, Marco"]
[Result "1-0"]
[WhiteElo "2090"]
[BlackElo "1630"]
[PlyCount "49"]
[EventDate "1996.??.??"]

1. e4 e5 2. f4 exf4 3. Nf3 Be7 4. Bc4 Bh4+ 5. Kf1 d5 6. Bxd5 Nf6 7. Bxf7+ Kxf7
8. Nxh4 Re8 9. d3 Kg8 10. Qe1 Nc6 11. Nf3 b6 12. Bxf4 Ba6 13. Qc3 Qd7 14. Kg1
Nxe4 15. dxe4 Rxe4 16. Qd2 Qf5 17. Bxc7 Nd4 18. Nc3 Ne2+ 19. Nxe2 Rxe2 20. Qd4
Rc8 21. Rd1 Qxc2 22. Qd5+ Kf8 23. Bd6+ Ke8 24. Qg8+ Kd7 25. Qf7+ 1-0

[Event "Weekend Accademia"]
[Site "Roma ITA"]
[Date "1996.??.??"]
[Round "4"]
[White "Berrino, Umberto"]
[Black "Boccia, Mattia Mario"]
[Result "1/2-1/2"]
[WhiteElo "1672"]
[BlackElo "1534"]
[PlyCount "81"]
[EventDate "1996.??.??"]

1. e4 c6 2. Nf3 d5 3. exd5 cxd5 4. d4 Nc6 5. c3 Qc7 6. Bd3 g6 7. Be3 Bg7 8. Qd2
Bg4 9. Be2 Nf6 10. Bf4 Qb6 11. Qc2 Rc8 12. Qd2 Ne4 13. Qc2 Bxf3 14. gxf3 Nxd4
15. Qa4+ Nc6 16. fxe4 dxe4 17. Qb3 Qxb3 18. axb3 O-O 19. Nd2 f5 20. Bc4+ Kh8
21. Be6 Rcd8 22. b4 a6 23. Rd1 Ne5 24. Bxe5 Bxe5 25. Nc4 Bf6 26. Ke2 b5 27. Ne3
Rd6 28. Rxd6 exd6 29. f3 exf3+ 30. Kxf3 Ra8 31. Nd5 Be5 32. Nb6 Ra7 33. Nd7 a5
34. Nxe5 dxe5 35. Ra1 a4 36. Rd1 a3 37. bxa3 Rxa3 38. Rc1 Kg7 39. Bd7 Kf6 40.
Bxb5 Ra2 41. Be2 1/2-1/2

[Event "Weekend Accademia"]
[Site "Roma ITA"]
[Date "1996.??.??"]
[Round "4"]
[White "Catena, Marco"]
[Black "Perotti, Germano"]
[Result "0-1"]
[WhiteElo "1630"]
[BlackElo "1717"]
[PlyCount "102"]
[EventDate "1996.??.??"]

1. d4 Nf6 2. c4 g6 3. Nc3 d5 4. Nf3 Bg7 5. Qb3 dxc4 6. Qxc4 a6 7. e4 b5 8. Qd3
Bb7 9. a3 Nbd7 10. Be3 Ng4 11. Bg5 c5 12. d5 h6 13. Bd2 Nde5 14. Nxe5 Nxe5 15.
Qg3 O-O 16. Bxh6 Bxh6 17. Qxe5 Bg7 18. Qg3 Qa5 19. O-O-O b4 20. Nb1 c4 21. axb4
Qxb4 22. Qa3 Qb6 23. f4 Rab8 24. e5 Rfd8 25. d6 exd6 26. Rxd6 Qf2 27. Rxd8+
Rxd8 28. Qg3 Qd4 29. Be2 Bh6 30. Rf1 Re8 31. Nd2 c3 32. bxc3 Rc8 33. Kc2 Bxg2
34. Rf2 Qa4+ 35. Kd3 Rd8+ 36. Ke3 Qc2 37. Rxg2 Rxd2 38. c4 Bf8 39. Qe1 Bc5+ 40.
Kf3 Qc3+ 41. Kg4 a5 42. h4 a4 43. h5 a3 44. Qb1 Qb2 45. Qe4 Qc2 46. Qa8+ Bf8
47. h6 Rxe2 48. h7+ Kxh7 49. Rg1 Kg7 50. Qd5 Re3 51. Qd8 Qf5+ 0-1

[Event "Weekend Accademia"]
[Site "Roma ITA"]
[Date "1996.??.??"]
[Round "4"]
[White "Cialdea, Alberto"]
[Black "Giangregorio, Pasquale"]
[Result "1-0"]
[WhiteElo "1900"]
[BlackElo "1767"]
[PlyCount "123"]
[EventDate "1996.??.??"]

1. e4 c6 2. d4 d5 3. f3 Qc7 4. Be3 e5 5. Nc3 Bb4 6. Qd2 dxe4 7. Bc4 Nf6 8.
O-O-O O-O 9. dxe5 Qxe5 10. Bd4 Qe7 11. a3 Ba5 12. Qg5 Bxc3 13. Bxc3 Be6 14.
Bxe6 Qxe6 15. Kb1 Na6 16. fxe4 Rad8 17. Nf3 h6 18. Qg3 Nh5 19. Qh4 Nf6 20. Rxd8
Rxd8 21. e5 Qg4 22. exf6 Qxg2 23. Rg1 Qxf3 24. fxg7 Rd1+ 25. Rxd1 Qxd1+ 26. Ka2
Qd5+ 27. b3 Qg5 28. Qe4 f6 29. Qe8+ Kxg7 30. Qe7+ Kg6 31. Qxb7 Qc5 32. Kb2 Qb6
33. Qe7 c5 34. h4 Nc7 35. Qe4+ Kg7 36. Qg4+ Kf7 37. Qd7+ Kg6 38. h5+ Kg5 39.
Bd2+ Kh4 40. Qf5 Qe6 41. Qf4+ Kxh5 42. Qxh6+ Kg4 43. Qf4+ Kh3 44. Qxc7 f5 45.
Qxc5 a6 46. Qe3+ Qxe3 47. Bxe3 Kg3 48. c4 Kf3 49. Ba7 Ke4 50. Kc3 f4 51. b4 f3
52. a4 Ke5 53. b5 axb5 54. axb5 Kd6 55. Bf2 Ke5 56. b6 Kd6 57. c5+ Kc6 58. Kc4
Kd7 59. Kb5 Kc8 60. c6 Kb8 61. Bg3+ Ka8 62. b7+ 1-0

[Event "Weekend Accademia"]
[Site "Roma ITA"]
[Date "1996.??.??"]
[Round "4"]
[White "Crucioli, Marco"]
[Black "Pantano, Fulvio"]
[Result "1-0"]
[WhiteElo "1630"]
[BlackElo "1636"]
[PlyCount "49"]
[EventDate "1996.??.??"]

1. e4 e5 2. Nf3 Nc6 3. Bc4 Be7 4. Nc3 Nf6 5. a3 Nxe4 6. Nxe4 d5 7. Bd3 dxe4 8.
Bxe4 Bd7 9. O-O Bd6 10. d3 O-O 11. b4 Rb8 12. c4 Re8 13. c5 Bf8 14. Ng5 g6 15.
f4 h6 16. Nxf7 Kxf7 17. fxe5+ Kg7 18. d4 Qh4 19. Rf4 Qe7 20. Qd3 Nxe5 21. dxe5
Qxe5 22. Rb1 Qe6 23. Bb2+ Kh7 24. Bxg6+ Qxg6 25. Rf7+ 1-0

[Event "Weekend Accademia"]
[Site "Roma ITA"]
[Date "1996.??.??"]
[Round "4"]
[White "De Blasio, Alessandro"]
[Black "Russo, Massimiliano"]
[Result "0-1"]
[WhiteElo "1543"]
[BlackElo "1576"]
[PlyCount "94"]
[EventDate "1996.??.??"]

1. e4 c5 2. Nf3 e6 3. d4 d5 4. exd5 exd5 5. dxc5 Bxc5 6. Nc3 d4 7. Bb5+ Nc6 8.
Ne4 Qa5+ 9. c3 Qxb5 10. Nxd4 Nxd4 11. b4 Be7 12. Qxd4 Nf6 13. Bg5 Qd7 14. Bxf6
Qxd4 15. Bxd4 O-O 16. O-O Rd8 17. Rad1 Be6 18. a3 h6 19. Rfe1 b6 20. Rd2 Rac8
21. a4 Rd7 22. Ra1 Rcd8 23. Be3 Rxd2 24. Nxd2 Rd3 25. Rc1 Bf6 26. Ne4 Be7 27.
a5 f5 28. Nd2 b5 29. Nf3 Bf6 30. Nd4 f4 31. Nxe6 fxe3 32. fxe3 Rxe3 33. Nd4
Rxc3 34. Rd1 Rc4 35. Nxb5 a6 36. Nd6 Rxb4 37. Kf1 Ra4 38. Nb7 Rf4+ 39. Ke2 Rb4
40. Nc5 Rb5 41. Nxa6 Rxa5 42. Nb4 Be5 43. h3 Bc3 44. Nd5 Ra2+ 45. Kf1 Be5 46.
Ne3 Bg3 47. Nf5 Rf2+ 0-1

[Event "Weekend Accademia"]
[Site "Roma ITA"]
[Date "1996.??.??"]
[Round "4"]
[White "De Carolis, Maurizio"]
[Black "Capezza, Marco"]
[Result "0-1"]
[WhiteElo "1555"]
[BlackElo "1762"]
[PlyCount "127"]
[EventDate "1996.??.??"]

1. d4 Nf6 2. c4 g6 3. Nf3 Bg7 4. g3 O-O 5. Bg2 d6 6. O-O Nbd7 7. Nc3 e5 8. dxe5
dxe5 9. e4 c6 10. Qe2 Qe7 11. b3 Re8 12. Bb2 h6 13. Rad1 Nh7 14. Qd2 Bf8 15.
Ne1 Bg7 16. Nc2 f6 17. Ba3 Nc5 18. Na4 b6 19. Bxc5 bxc5 20. Qd6 Bf8 21. Qxc6
Bb7 22. Qd7 Qxd7 23. Rxd7 Bc6 24. Rd2 Bxa4 25. bxa4 Rab8 26. Ne3 Rb7 27. Rfd1
Reb8 28. Bh3 Ng5 29. Bg2 Ne6 30. h4 h5 31. Kh2 Nd4 32. Nd5 Kf7 33. Kg1 Bh6 34.
Ne3 Rb4 35. Kh1 Rxa4 36. Kg1 Rab4 37. Kh1 R8b7 38. Kg1 Ra4 39. Kh1 Ra3 40. Re1
Rc3 41. Rdd1 Bxe3 42. fxe3 Nc2 43. Rc1 Rxe3 44. Rxe3 Nxe3 45. Rc3 Rb1+ 46. Kh2
Re1 47. Bf3 Nf1+ 48. Kg2 Nd2 49. Ra3 Nxe4 50. Rxa7+ Ke6 51. Ra6+ Kf5 52. a4 Rc1
53. Bxe4+ Kxe4 54. Rxf6 Rxc4 55. a5 Rc2+ 56. Kf1 Ra2 57. a6 c4 58. Rxg6 c3 59.
Rc6 c2 60. a7 Kd3 61. Rd6+ Ke3 62. Rc6 Kd2 63. Rd6+ Kc1 64. Rd7 $138 0-1

[Event "Weekend Accademia"]
[Site "Roma ITA"]
[Date "1996.??.??"]
[Round "4"]
[White "De Vita, Gianni"]
[Black "Laudati, Adriano"]
[Result "1-0"]
[WhiteElo "2090"]
[BlackElo "1870"]
[PlyCount "74"]
[EventDate "1996.??.??"]

1. e4 e6 2. d4 d5 3. exd5 exd5 4. Bd3 Bd6 5. Nf3 Nf6 6. O-O O-O 7. Bg5 Bg4 8.
Re1 Nbd7 9. Nbd2 c6 10. c3 Qc7 11. Qc2 Rae8 12. Bf5 Bh5 13. Bh4 Bg6 14. Bg3
Bxg3 15. hxg3 Rxe1+ 16. Rxe1 Re8 17. Rxe8+ Nxe8 18. Ng5 Nef6 19. Ndf3 Qd8 20.
Ne5 Nxe5 21. dxe5 Nd7 22. e6 Qxg5 23. exd7 Qd8 24. Qe2 Kf8 25. Bh3 f6 26. Qe3
b6 27. Qe6 Qc7 28. Bf5 Bf7 29. Qe3 Qd8 30. Be6 Qe7 31. Qf4 Qd8 32. Qd6+ Kg8 33.
Qxc6 Bxe6 34. Qxe6+ Kf8 35. Qd6+ Kf7 36. g4 g6 37. f4 h6 1-0

[Event "Weekend Accademia"]
[Site "Roma ITA"]
[Date "1996.??.??"]
[Round "4"]
[White "Donia, Massimiliano"]
[Black "Perretta, Maurizio"]
[Result "0-1"]
[WhiteElo "1956"]
[BlackElo "2007"]
[PlyCount "22"]
[EventDate "1996.??.??"]

1. e4 e5 2. Nf3 Nf6 3. Nc3 Nc6 4. Bc4 Nxe4 5. O-O Nxc3 6. dxc3 f6 7. Nh4 g6 8.
f4 Qe7 9. f5 Qc5+ 10. Be3 Qxc4 11. g3 g5 0-1

[Event "Weekend Accademia"]
[Site "Roma ITA"]
[Date "1996.??.??"]
[Round "4"]
[White "Franchi, Jose' Maria"]
[Black "Farina, Saverio"]
[Result "0-1"]
[WhiteElo "1876"]
[BlackElo "2170"]
[PlyCount "104"]
[EventDate "1996.??.??"]

1. Nf3 d5 2. c4 e6 3. b3 c5 4. Bb2 Nc6 5. g3 d4 6. d3 Nge7 7. Bg2 Ng6 8. e4 e5
9. O-O h5 10. h4 Bg4 11. Qd2 Be7 12. Na3 Bxf3 13. Bxf3 Bxh4 14. Kg2 Bg5 15. Qe2
h4 16. Rh1 Qf6 17. Bg4 a6 18. Nc2 Ke7 19. Ba3 b6 20. b4 hxg3 21. fxg3 Qd6 22.
bxc5 bxc5 23. Bf5 a5 24. Qg4 Bh6 25. Bxg6 fxg6 26. Ne1 Nb4 27. Bxb4 axb4 28.
Nf3 Rhf8 29. Qh4+ Kd7 30. Qg4+ Kc6 31. Rhf1 Rf6 32. Nh4 Rxf1 33. Kxf1 Qf6+ 34.
Kg2 Be3 35. Qe2 Qg5 36. Nf3 Qe7 37. Nh4 Qe6 38. Rf1 Bg5 39. Nf3 Bf6 40. Nh2 Rh8
41. Ng4 Kd6 42. Qf3 Be7 43. Qe2 Ra8 44. Rf2 Ra3 45. Qf3 Ra8 46. Qe2 Bf6 47. Qf3
Bg5 48. Qe2 Qd7 49. Qf3 Qe7 50. Qe2 Ra3 51. Qf3 Ke6 52. Nh2 Be3 0-1

[Event "Weekend Accademia"]
[Site "Roma ITA"]
[Date "1996.??.??"]
[Round "4"]
[White "Gardon, Ermanno"]
[Black "Pezzaldi, Roberto"]
[Result "1/2-1/2"]
[WhiteElo "1716"]
[BlackElo "2013"]
[PlyCount "67"]
[EventDate "1996.??.??"]

1. e4 e6 2. d4 d5 3. Nc3 Bb4 4. exd5 Qxd5 5. Nf3 Nc6 6. a3 Bxc3+ 7. bxc3 Nf6 8.
Bd3 b6 9. Bf4 Bb7 10. Qe2 Ne7 11. O-O Ng6 12. Bg3 Ne4 13. c4 Nxg3 14. hxg3 Qh5
15. Rab1 O-O 16. Rb5 c5 17. dxc5 Bc6 18. Be4 Bxb5 19. Bxa8 Qxc5 20. cxb5 Rxa8
21. Qd3 Rc8 22. Rd1 h6 23. Rd2 Kf8 24. Nd4 Ne7 25. Nb3 Qc7 26. c4 Kg8 27. a4
Qxc4 28. Qxc4 Rxc4 29. Rd8+ Kh7 30. Rd7 Nd5 31. Rxa7 Rb4 32. Nd2 Nc3 33. Rxf7
Nxa4 34. Rf4 1/2-1/2

[Event "Weekend Accademia"]
[Site "Roma ITA"]
[Date "1996.??.??"]
[Round "4"]
[White "Gaudino, Gaetano"]
[Black "Michelena, Rodolfo"]
[Result "0-1"]
[WhiteElo "1585"]
[BlackElo "1810"]
[PlyCount "102"]
[EventDate "1996.??.??"]

1. e4 e5 2. Nf3 d6 3. Bc4 Bg4 4. c3 Nf6 5. d3 Be7 6. Qb3 O-O 7. Ng5 Bh5 8. Qxb7
Nbd7 9. b4 Nb6 10. Qc6 h6 11. Nf3 Bg4 12. Qb5 a6 13. Qa5 Nxc4 14. dxc4 Nxe4 15.
Be3 Bf6 16. Nfd2 Nxd2 17. Nxd2 Be6 18. O-O Qd7 19. Rfd1 Qc6 20. b5 axb5 21.
Qxb5 Qxb5 22. cxb5 Rxa2 23. Rxa2 Bxa2 24. Ra1 Bd5 25. c4 Be6 26. Ra7 Rc8 27. c5
dxc5 28. Bxc5 Bd8 29. Ne4 Rb8 30. Nc3 Bc4 31. h3 Bxb5 32. Nxb5 Rxb5 33. Be3 Rb8
34. Kf1 Kf8 35. Ke2 Ke7 36. Kd3 Ke6 37. Kc4 Kd7 38. Kc3 Be7 39. Ra4 Bd6 40. h4
f5 41. g3 Rf8 42. f4 e4 43. Kc4 g6 44. Bd4 Rg8 45. Bf6 Ke6 46. Ba1 g5 47. Be5
gxf4 48. gxf4 h5 49. Bxd6 cxd6 50. Ra7 Rg4 51. Ra8 Rxf4 0-1

[Event "Weekend Accademia"]
[Site "Roma ITA"]
[Date "1996.??.??"]
[Round "4"]
[White "Ludovici, Roberto"]
[Black "Marta, Daniele"]
[Result "1/2-1/2"]
[WhiteElo "1713"]
[BlackElo "1732"]
[PlyCount "36"]
[EventDate "1996.??.??"]

1. d4 Nf6 2. Nf3 d5 3. g3 e6 4. Bg2 c5 5. c4 Nc6 6. cxd5 exd5 7. Bg5 cxd4 8.
Nxd4 Bc5 9. Be3 Qb6 10. Nc2 Bxe3 11. Nxe3 Qxb2 12. Nd2 Be6 13. O-O O-O 14. Nb3
d4 15. Nc2 Bf5 16. Ncxd4 Rad8 17. e3 Nxd4 18. Nxd4 Be4 1/2-1/2

[Event "Weekend Accademia"]
[Site "Roma ITA"]
[Date "1996.??.??"]
[Round "4"]
[White "Luna, Giovanni"]
[Black "Latini, Carlo"]
[Result "0-1"]
[WhiteElo "1564"]
[BlackElo "1701"]
[PlyCount "112"]
[EventDate "1996.??.??"]

1. Nf3 d6 2. d4 Nf6 3. c4 g6 4. Nc3 Bg7 5. e4 O-O 6. Bd3 Nbd7 7. Be3 e5 8. d5
a5 9. Qd2 b6 10. Nb5 Nc5 11. Bc2 Nfxe4 12. Bxe4 Nxe4 13. Qc2 Bf5 14. Qc1 Nc5
15. Bxc5 bxc5 16. O-O Bd7 17. a4 f5 18. Rb1 Rf6 19. Rd1 e4 20. Ne1 Rf7 21. f3
Bxb5 22. axb5 Bd4+ 23. Kh1 Qh4 24. g3 Qe7 25. Nc2 Bg7 26. f4 Rff8 27. Re1 Rfe8
28. Qe3 Qf6 29. b3 Qe7 30. Kg2 Ra7 31. Re2 Rea8 32. h4 a4 33. bxa4 Rxa4 34. Qb3
Qf6 35. Kh3 Qc3 36. b6 cxb6 37. Qxc3 Bxc3 38. Rxb6 R4a6 39. Rb3 Bd4 40. g4 R8a7
41. Rg2 Kf7 42. gxf5 gxf5 43. Rbg3 Bf6 44. h5 Bd4 45. h6 Re7 46. Nxd4 cxd4 47.
Rg7+ Kf6 48. Rxe7 Kxe7 49. Rg7+ Kf6 50. Rxh7 Kg6 51. Rh8 d3 52. Rg8+ Kxh6 53.
Rg2 e3 54. Kg3 d2 55. Rh2+ Kg6 56. Rh1 e2 0-1

[Event "Weekend Accademia"]
[Site "Roma ITA"]
[Date "1996.??.??"]
[Round "4"]
[White "Macchia, Giovanni"]
[Black "Galeno, Giorgio"]
[Result "1-0"]
[WhiteElo "1657"]
[BlackElo "1680"]
[PlyCount "57"]
[EventDate "1996.??.??"]

1. e4 d6 2. d4 Nf6 3. f3 c6 4. Nc3 g6 5. Be3 Bg7 6. Bd3 O-O 7. Qd2 b5 8. g4 b4
9. Nce2 a5 10. h4 e5 11. h5 Ba6 12. Bh6 Bxd3 13. cxd3 Nbd7 14. Bxg7 Kxg7 15.
hxg6 fxg6 16. Qh6+ Kg8 17. g5 Nh5 18. Ng3 Qe7 19. Nxh5 gxh5 20. Rxh5 exd4 21.
g6 Nf6 22. Rg5 c5 23. Nh3 Nxe4 24. fxe4 Rf3 25. O-O-O Rxh3 26. gxh7+ Kh8 27.
Rg8+ Rxg8 28. hxg8=Q+ Kxg8 29. Qxh3 1-0